000 00736nam a2200241Ia 4500
003 OSt
005 20241025113118.0
008 210716s2002 xx 000 0 und d
020 _a0070499209
040 _cAIMIT LIBRARY
041 _aeng
082 _a005.1332
_21
_bWRIC
100 _aWright, Charles.
_9183289
245 _aC#:
_btips and techniques /
_cBy Charles Wright.
250 _a1st ed.
260 _aNew Delhi :
_bTata McGraw Hill Publishing Company Ltd ;
_c2002.
300 _axx,638p. ;
_bPB
_c23 cm.
650 _aLaying a c#fundamentals
_9183290
650 _aWindows programming in c#
_9183291
650 _aFile operations
_9183292
700 _aJamsa, Kris.
_9183293
942 _2ddc
_cBK
_e1st ed.
_k005.1332 WRIC
999 _c185662
_d185662